01662nam a22003731a 4500001001000000003000900010005001700019008004100036020001800077040004300095041001300138082002100151100005300172245012300225264005000348300003800398336002600436337002800462338002700490490004400517504004100561546006100602650007400663651006800737653002200805655002400827700005800851700005100909700005100960700005001011942001201061999001701073952019801090014556144EG-ScBUE20220324143801.0100223s2001 enkb f b 000 f eng d a9781853260629 aEG-ScBUEbengerdacEG-ScBUEdEG-ScBUE1 aenghrus04a891.733222bTOL1 aTolstoy, Leo,cgraf,d1828-1910,eauthor.92985410aWar and peace /cLeo Tolstoy ; translated by Louise and Aylmer Maude ; introduction and notes Henry and Olga Claridge. 1aLondon :bWordsworth Editions Limited,c2001. axxix, 994 pages :bmaps ;c20 cm. 2rdacontentatextbtxt 2rdamediaaunmediatedbn 2rdacarrieravolumebnc0 aWordsworth classics of world literature aIncludes bibliographical references. aText in English ; translated from the original Russian.  7aNapoleonic Wars, 1800-1815xCampaignszRussiavFiction.9298562BUEsh 7aRussiaxHistoryyAlexander I, 1801-1825vFiction.9298572BUEsh cMay2012bHHUUEENN vReading book9342321 aMaude, Louise Shanks,d1855-1939,etranslator.9298581 aMaude, Aylmer,d1858-1938,etranslator.9298591 aClaridge, Henry,eauthor of introduction, etc.1 aClaridge, Olga,eauthor of introduction, etc. 2ddccBB c16716d16716 00102ddc40708BaccahaMAINbMAINcGroup Study Roomsd2012-05-06epurchaseg95.00h15016l1m5o891.733 TOLp000026752r2025-07-15 00:00:00s2014-06-10w2012-05-06yBBzRoom (K) - Leo Tolstoy